Normal view
MARC view
- BUSINESS ENGINEERING
Entry Topical Term
001 - CONTROL NUMBER
- control field: 63359
003 - CONTROL NUMBER IDENTIFIER
- control field: NUST
005 - DATE AND TIME OF LATEST TRANSACTION
- control field: 20210628203116.0
008 - FIXED-LENGTH DATA ELEMENTS
- fixed length control field: 210628|| aca||aabn | a|a d
040 ## - CATALOGING SOURCE
- Original cataloging agency: NUST
- Transcribing agency: NUST
150 ## - HEADING--TOPICAL TERM
- Topical term or geographic name entry element: BUSINESS ENGINEERING
670 ## - SOURCE DATA FOUND
- Source citation: Work cat.: (NUST): Flor, Nick.V 63358, Web business engineering, using offline activities to drive internet strategies, 2001
